Ladislav Berka nar. 19. 4. 1910 Bardejovská Nová Ves, zomr. 16. 5. 1966 Bratislava

Bibliographic Details
Format: Book
Language:Slovak
Published: Bardejov Okresná knižnica Dávida Gutgesela 2000
Subjects:

MARC

LEADER 00000nam a2200000 a 4500
001 vtls001414148
003 SK-MaSNL
005 20260302035134.0
008 240226s2000 xo a rb 000 0bslo
015 |a SNBSAB2000-00169 
035 |a SNK000368873 
035 |a urn:nbn:sk:snk-amjd0d 
035 |a urn:nbn:sk:snk-am003eof 
035 |a 3D155C40-9BC3-4892-8AE5-E027BCB3C521 
040 |a SNK  |b slo  |c SNK  |e AACR2 
041 0 |a slo 
044 |a xo  |c SK 
080 |a 78.071.1:929:012  |2 1981 
080 |a 012  |2 1981 
080 |a 929 Berka, Ladislav  |2 1981 
245 0 0 |a Ladislav Berka  |b nar. 19. 4. 1910 Bardejovská Nová Ves, zomr. 16. 5. 1966 Bratislava 
260 |a Bardejov  |b Okresná knižnica Dávida Gutgesela  |c 2000 
300 |a 1 zlož. list  |c 30 cm 
504 |a Lit. 13 zázn. o čl. a kn. v slov. 
600 1 7 |a Berka, Ladislav,  |d 1910-1966  |2 SNKMA  |9 101453 
655 7 |a neperiodické bibliografie  |2 SNK  |9 60408 
655 7 |a bibliografické letáky  |2 SNKPH  |9 74589 
958 |a RM 
958 |a SF 
958 |a BX 
999 |c 1069409  |d 1071339 
952 |t P60, <03>, [BOOK], {603}  |a SNK  |b SNK  |y PREZ  |7 0  |p 17A0302228  |o snkOSB 12967  |i snkKSP 6662/2001  |0 0  |1 0  |4 0  |d 2001-05-31  |f 1  |l 0  |r 2005-01-02 00:00:00  |w 2026-02-24